| 000 -LEADER |
| fixed length control field |
00477nam a22001697a 4500 |
| 008 - FIXED-LENGTH DATA ELEMENTS--GENERAL INFORMATION |
| fixed length control field |
180208b xxu||||| |||| 00| | tur d |
| 020 ## - INTERNATIONAL STANDARD BOOK NUMBER |
| International Standard Book Number |
9786051140032 |
| 041 ## - LANGUAGE CODE |
| Language code of text/sound track or separate title |
Türkçe |
| 050 ## - LIBRARY OF CONGRESS CALL NUMBER |
| Classification number |
DR432 |
| 100 ## - MAIN ENTRY--PERSONAL NAME |
| Personal name |
Yavuz, Hilmi |
| 9 (RLIN) |
251 |
| 245 ## - TITLE STATEMENT |
| Title |
Türkiyenin Zihin Tarihi Türk Kültürü Üzerine Kuşatıcı Bir Söylev |
| 250 ## - EDITION STATEMENT |
| Edition statement |
1. Baskı |
| 260 ## - PUBLICATION, DISTRIBUTION, ETC. |
| Place of publication, distribution, etc. |
İstanbul |
| Name of publisher, distributor, etc. |
Timaş Yayınları |
| Date of publication, distribution, etc. |
Mayıs 2009 |
| 300 ## - PHYSICAL DESCRIPTION |
| Extent |
216 Sayfa |
| 650 #0 - SUBJECT ADDED ENTRY--TOPICAL TERM |
| 9 (RLIN) |
145 |
| Topical term or geographic name entry element |
Türk Edebiyatı |
| 942 ## - ADDED ENTRY ELEMENTS (KOHA) |
| Source of classification or shelving scheme |
|
| Koha item type |
Books |